Squid Game Season 2 Top 100 Players - Statistics

General Stats
  • This quiz has been taken 156 times
  • The average score is 46 of 100
Answer Stats
Answer % Correct
456
96%
001
94%
007
94%
120
86%
222
86%
006
84%
100
84%
124
83%
125
83%
333
80%
149
75%
230
75%
009
71%
044
70%
024
65%
039
65%
388
65%
390
65%
015
64%
380
64%
203
61%
067
59%
047
58%
028
57%
096
57%
202
55%
102
51%
448
51%
105
49%
145
49%
048
48%
084
48%
197
48%
246
48%
113
46%
119
46%
192
46%
336
46%
353
46%
056
45%
116
45%
072
43%
400
43%
442
43%
080
42%
094
42%
134
42%
226
42%
440
41%
447
41%
206
39%
209
39%
276
39%
349
39%
377
39%
411
39%
418
39%
435
39%
443
39%
163
38%
140
36%
172
36%
191
36%
260
36%
312
36%
232
35%
235
35%
350
35%
401
35%
241
33%
296
33%
394
33%
143
32%
220
32%
306
32%
324
32%
331
32%
154
30%
299
30%
334
30%
158
29%
219
29%
259
29%
268
29%
307
29%
310
29%
320
29%
359
29%
182
28%
185
28%
267
28%
308
28%
348
28%
431
28%
297
26%
344
26%
366
26%
358
25%
370
22%
376
22%
No matching quizzes found
Score Distribution
Percent of People with Each Score
Percentile by Number Answered
Your Score History
You have not taken this quiz